000 00902nam a2200253Ia 4500
003 OSt
005 20220923211044.0
006 a|||||r|||| 00| 0
007 ta
008 220922b |||||||| |||| 00| 0 hin d
020 _a817453153X (hbk)
_c600
024 _a233,829
037 _b349, 13/03/2008, Swaraj Prakashan
_cTextual
040 _aARTS
_cARTS
_bhin
041 _2hin
_ahin
082 _aO152v, P4
100 _aपाण्डेय, रामसजन, संपा.
_9157680
245 0 _aहिन्दी साहित्य का इतिहास
246 _aHindī sāhitya kā itihāsa
260 _aदिल्ली
_b संजय प्रकाशन
_c2004
300 _ai` 562पृ.
_ccm.
942 _hO152v, P4
_cTEXL
_2CC
999 _c294594
_d294594